Datum a čas kvízu
28.5
Celkem bodů
Celkový počet nahraných bodů na tomto kvízu bez doplňovacích otázek.
3.
Pořadí na kvízu
Konečné umístění týmu na tomto kvízu.
Zaznamenané odpovědi
| # | Otázka | Odpověď | Body | Výsledky |
|---|---|---|---|---|
| 1. | Česká vláda ve středu jmenoval... | Michal Koudelka | 0 | |
| 2. | Až do pozdní noci se v pondělí... | nezvykle dlouhý stůl | 1 | |
| 3. | Novinkou letošního ročníku hud... | Adele | 1 | |
| 4. | Jedna automobilka mění podobu... | Rolls-Royce | 1 | |
| 5. | V úterý 15. února slaví své ne... | (HC Energie) Karlovy Vary | 0 | |
| 6. | Začneme jedním ze základních a... | 1A 2D 3B 4C | 1 | |
| 7. | Jak se nazývá kreslicí materiá... | rudka | 0 | |
| 8. | Který španělský malíř žijící v... | Francisco Goya | 1 | |
| 9. | Na obrázku vidíme typ mikrotuž... | verzatilka (versatilka) | 1 | |
| 10. | Firma Koh-i-noor Hardtmuth je... | v Českých Budějovicích | 1 |